[Event "Arber op 7th"]
[Site "Bodenmais"]
[Date "2018.08.04"]
[Round "8"]
[White "Wunderlich, Matthias"]
[Black "Steppuhn, Simone"]
[Result "1/2-1/2"]
[WhiteElo "1826"]
[BlackElo "1570"]
[PlyCount "94"]
[EventDate "2018.07.28"]
[EventType "swiss"]
[EventRounds "9"]
[EventCountry "GER"]
[SourceTitle "CBM 185 Extra"]
[Source "ChessBase"]
[SourceDate "2018.07.29"]
[SourceVersion "1"]
[SourceVersionDate "2018.07.29"]
[SourceQuality "1"]

1. Nc3 c5 2. Nf3 Nf6 3. e4 d6 4. d4 cxd4 5. Nxd4 a6 6. g3 e6 7. Bg2 Be7 8. 0-0 0-0 9. Be3 e5 10. Nb3 Qc7 11. h3 Be6 12. Rc1 Nbd7 13. Nd5 Bxd5 14. exd5 b5 15. Qd2 a5 16. Qe2 Qb7 17. Qd3 a4 18. Nd2 Qa6 19. a3 Rac8 20. c4 bxc4 21. Nxc4 Nc5 22. Bxc5 Rxc5 23. Nxe5 Qxd3 24. Nxd3 Rb5 25. Nb4 Re8 26. Rfe1 Kf8 27. Rc7 Bd8 28. Rxe8+ Kxe8 29. Ra7 Ra5 30. Rb7 Rc5 31. Rb8 Nd7 32. Rb7 Rc1+ 33. Bf1 Nc5 34. Ra7 Bb6 35. Ra8+ Ke7 36. Kg2 Rd1 37. Bb5 Rd2 38. Re8+ Kf6 39. Re2 Rxe2 40. Bxe2 Ke5 41. Kf1 g5 42. f3 Kd4 43. Ke1 f5 44. Bb5 Ke3 45. Be2 Kd4 46. Bd1 f4 47. g4 Ba5 1/2-1/2

[Event "Arber op 6th"]
[Site "Bodenmais"]
[Date "2017.08.06"]
[Round "9"]
[White "Steppuhn, Simone"]
[Black "Krause, Helmut"]
[Result "0-1"]
[WhiteElo "1532"]
[BlackElo "1651"]
[PlyCount "118"]
[EventDate "2017.07.29"]
[EventType "swiss"]
[EventRounds "9"]
[EventCountry "GER"]
[SourceTitle "EXT 2018"]
[Source "ChessBase"]
[SourceDate "2017.10.13"]
[SourceVersion "1"]
[SourceVersionDate "2017.10.13"]
[SourceQuality "1"]

1. d4 Nf6 2. c4 d6 3. Nc3 e5 4. dxe5 dxe5 5. Qxd8+ Kxd8 6. Bg5 Bd6 7. 0-0-0 Nbd7 8. Nd5 b6 9. f3 h6 10. Bh4 g5 11. Bf2 Nxd5 12. cxd5 Ke7 13. e4 a5 14. Ne2 a4 15. a3 Nc5 16. Nc3 Bd7 17. Nb5 Bxb5 18. Bxb5 Ra5 19. Bc6 Nb3+ 20. Kb1 Rb8 21. Ka2 Nc5 22. Be1 Ra7 23. Bb5 Nb7 24. h4 Rg8 25. hxg5 hxg5 26. g4 Nc5 27. Bd2 Nb3 28. Be3 Na5 29. Rh5 Kf6 30. Rdh1 Raa8 31. Rh6+ Rg6 32. R1h5 Rxh6 33. Bxg5+ Kg7 34. Bxh6+ Kg6 35. Be3 Nb7 36. Bd7 Kg7 37. Bh6+ Kg8 38. Bg5 Bf8 39. Bf5 Bg7 40. Bh6 Nd6 41. Bxg7 Kxg7 42. Bd7 f6 43. Rh2 Kg6 44. Bc6 Ra7 45. Rh5 Nf7 46. b3 axb3+ 47. Kxb3 Ng5 48. f4 exf4 49. Be8+ Kg7 50. e5 f3 51. exf6+ Kxf6 52. Rh1 Ra5 53. d6 cxd6 54. Rh6+ Ke5 55. Rh5 Kf4 56. Rh8 f2 57. Rf8+ Kg3 58. Kb4 Nf3 59. Bb5 Rxb5+ 0-1

[Event "Arber op 6th"]
[Site "Bodenmais"]
[Date "2017.08.03"]
[Round "6"]
[White "Steppuhn, Simone"]
[Black "Neumann, Lutz"]
[Result "1-0"]
[WhiteElo "1532"]
[BlackElo "1830"]
[PlyCount "143"]
[EventDate "2017.07.29"]
[EventType "swiss"]
[EventRounds "9"]
[EventCountry "GER"]
[SourceTitle "CBM 179 Extra"]
[Source "ChessBase"]
[SourceDate "2017.08.23"]
[SourceVersion "1"]
[SourceVersionDate "2017.08.23"]
[SourceQuality "1"]

1. d4 d5 2. c4 e6 3. Nc3 Nf6 4. Bg5 Be7 5. Nf3 0-0 6. e3 c6 7. Qc2 Nbd7 8. Rc1 dxc4 9. Bxc4 Nd5 10. Bxe7 Qxe7 11. 0-0 Nxc3 12. Qxc3 Re8 13. Rfd1 Nf6 14. Qc2 Nd5 15. Bd3 g6 16. a3 Kg7 17. Qd2 f6 18. e4 Nb6 19. e5 fxe5 20. dxe5 Nd5 21. Bb1 Bd7 22. Qc2 Rec8 23. h4 c5 24. h5 Be8 25. h6+ Kh8 26. Qd2 b6 27. Qg5 Rd8 28. Ba2 Qxg5 29. Nxg5 Nf4 30. Bc4 b5 31. Bf1 c4 32. g3 Nd3 33. Bxd3 Rxd3 34. Rxd3 cxd3 35. Rd1 Rd8 36. Nxe6 Rd5 37. f4 Bd7 38. Ng7 Kg8 39. Kf2 Bg4 40. Rd2 Kf8 41. Ke3 Be2 42. b4 Ke7 43. Ke4 Rd7 44. f5 gxf5+ 45. Nxf5+ Kf7 46. Nd4 Rc7 47. Nxe2 dxe2 48. Rxe2 Ke6 49. Re3 Rc4+ 50. Kf3 Rc1 51. Kg4 Rf1 52. Kh4 Rh1+ 53. Kg5 Rf1 54. g4 Rf2 55. Rc3 Rf7 56. Rc6+ Kxe5 57. Rc5+ Ke6 58. Rxb5 Rd7 59. Rf5 Rc7 60. Rc5 Rf7 61. Kh4 Kd6 62. Kh5 Ke6 63. Rg5 Rf3 64. Rg7 Rxa3 65. Rxh7 Kf6 66. g5+ Kf5 67. Rf7+ Ke6 68. Rf1 Rb3 69. Rf4 Rb1 70. Kg6 Rh1 71. h7 Ke5 72. Rf8 1-0

[Event "Rhein Main op-B 19th"]
[Site "Bad Homburg"]
[Date "2016.05.26"]
[Round "3"]
[White "Jacobsen, Steen"]
[Black "Steppuhn, Simone"]
[Result "0-1"]
[WhiteElo "1768"]
[BlackElo "1467"]
[PlyCount "88"]
[EventDate "2016.05.25"]
[EventType "swiss"]
[EventRounds "7"]
[EventCountry "GER"]
[SourceTitle "EXT 2017"]
[Source "ChessBase"]
[SourceDate "2016.10.25"]
[SourceVersion "1"]
[SourceVersionDate "2016.10.25"]
[SourceQuality "1"]

1. d4 d5 2. Bf4 c6 3. c3 Nf6 4. e3 Qb6 5. Qb3 Bf5 6. Nd2 e6 7. Be2 Nbd7 8. h3 Be7 9. Ngf3 0-0 10. 0-0 c5 11. Bg5 c4 12. Qxb6 axb6 13. Nh4 h6 14. Nxf5 exf5 15. Bh4 g5 16. Bg3 Ne4 17. Nxe4 fxe4 18. Bh2 f5 19. f4 gxf4 20. Bxf4 Bg5 21. a3 b5 22. Bh5 Ra6 23. Be2 Nb6 24. Kh2 Nc8 25. Rf2 Ne7 26. Bh5 Bxf4+ 27. Rxf4 Ng6 28. Rf2 Kg7 29. Raf1 Raf6 30. Bd1 Ne7 31. a4 b6 32. axb5 Nc8 33. b3 Nd6 34. bxc4 Nxc4 35. Re1 f4 36. exf4 Rxf4 37. Rxf4 Rxf4 38. Kg3 Rf6 39. Bb3 Nd6 40. Bxd5 Nxb5 41. Re3 Nd6 42. Bxe4 Re6 43. Kf4 Rf6+ 44. Ke5 Nc4+ 0-1

[Event "Rhein Main op-B 19th"]
[Site "Bad Homburg"]
[Date "2016.05.26"]
[Round "2"]
[White "Steppuhn, Simone"]
[Black "Hapke, Lara"]
[Result "1-0"]
[WhiteElo "1467"]
[BlackElo "1070"]
[PlyCount "105"]
[EventDate "2016.05.25"]
[EventType "swiss"]
[EventRounds "7"]
[EventCountry "GER"]
[SourceTitle "EXT 2017"]
[Source "ChessBase"]
[SourceDate "2016.10.25"]
[SourceVersion "1"]
[SourceVersionDate "2016.10.25"]
[SourceQuality "1"]

1. d4 d5 2. c4 e6 3. Nc3 Nf6 4. Nf3 Be7 5. Bg5 h6 6. Bh4 0-0 7. e3 b6 8. Bd3 dxc4 9. Bxc4 Bb7 10. 0-0 Nbd7 11. Qe2 Rc8 12. Rfd1 c5 13. dxc5 Rxc5 14. Bb5 Bc6 15. Bxc6 Rxc6 16. Rac1 Qc7 17. Nd4 Rc5 18. Bg3 Qb7 19. b4 Rg5 20. Nf3 Rg4 21. a3 Rc8 22. Nb5 Qa6 23. Rxc8+ Qxc8 24. Qd2 Rc4 25. Nd6 Bxd6 26. Qxd6 Ne4 27. Qd3 Nxg3 28. hxg3 Rc7 29. Qb5 Nf6 30. Ne5 Nd5 31. Qf1 Rc3 32. Qb5 Rxa3 33. Rxd5 Ra1+ 34. Kh2 exd5 35. Qxd5 Qe8 36. b5 Ra5 37. Nd7 Qe6 38. Qa8+ Kh7 39. Nf8+ Kh8 40. Nxe6+ Kh7 41. Nc7 a6 42. bxa6 b5 43. Qe4+ Kg8 44. Qb4 Ra2 45. Qxb5 Rxf2 46. a7 Ra2 47. Qe8+ Kh7 48. a8Q Rxa8 49. Qxa8 g5 50. Ne8 f5 51. Qa7+ Kg6 52. Qg7+ Kh5 53. Nf6# 1-0

[Event "Lueneburg op-B"]
[Site "Lueneburg"]
[Date "2015.08.18"]
[Round "4"]
[White "Steppuhn, Simone"]
[Black "Suliga, Eckhard"]
[Result "1-0"]
[WhiteElo "1241"]
[BlackElo "1757"]
[PlyCount "115"]
[EventDate "2015.08.15"]
[EventType "swiss"]
[EventRounds "9"]
[EventCountry "GER"]
[SourceTitle "EXT 2016"]
[Source "ChessBase"]
[SourceDate "2015.10.08"]
[SourceVersion "1"]
[SourceVersionDate "2015.10.08"]
[SourceQuality "1"]

1. d4 Nf6 2. c4 e6 3. Nc3 Bb4 4. Qc2 c5 5. dxc5 0-0 6. Nf3 Na6 7. a3 Bxc3+ 8. Qxc3 Nxc5 9. e3 d5 10. Be2 Qc7 11. 0-0 Nce4 12. Qe5 Qb6 13. cxd5 exd5 14. Qd4 Qd6 15. Qe5 Qd8 16. Rd1 Re8 17. Qd4 Bg4 18. b4 a6 19. Bb2 Rc8 20. Rac1 Qe7 21. h3 Bd7 22. Rxc8 Rxc8 23. Rc1 Rxc1+ 24. Bxc1 Be6 25. Bb2 Qc7 26. Bd1 Nd6 27. Qe5 Qd7 28. Ng5 Nc4 29. Qb8+ Qc8 30. Qxc8+ Bxc8 31. Bc1 Bf5 32. Nf3 Bd3 33. Nd4 g6 34. Nb3 b6 35. Nd4 Ne5 36. Bb2 Nc4 37. Bc1 Kf8 38. Bf3 Be4 39. Be2 Ke8 40. f3 Bb1 41. Kf2 Kd7 42. Bd1 Bd3 43. Be2 Bxe2 44. Kxe2 Kd6 45. Kd3 Nd7 46. f4 b5 47. Nf3 f6 48. Kd4 Nf8 49. Ng1 Ne6+ 50. Kc3 Ng7 51. Ne2 Nf5 52. Kd3 Nh4 53. g4 f5 54. g5 Nf3 55. Nd4 Nxd4 56. Kxd4 Nb6 57. Kd3 Nc4 58. Kd4 1-0